Statistics for Wimbledon: The Premier League Years

Click here to take the quiz!

General Stats

  • This quiz has been taken 26 times
  • The average score is 9 of 14

Answer Stats

Answer% Correct
Joe Kinnear
95%
Vinnie Jones
95%
Egil Olsen
74%
Dean Holdsworth
68%
Robbie Earle
68%
Efan Ekoku
63%
Jason Euell
58%
Marcus Gayle
58%
Neil Sullivan
58%
Carl Cort
47%
John Scales
47%
Terry Burton
47%
Warren Barton
47%
Chris Perry
32%

Score Distribution

Percentile by Number Answered

Percent of People with Each Score

Your Score History

You have not taken this quiz